书目信息 |
| 题名: |
大学英语四级考试听力100篇
|
|
| 作者: | 孙倚娜 主编 | |
| 分册: | 新题型版 | |
| 出版信息: | 上海 上海外语教育出版社 2006.07 |
|
| 页数: | 309页 | |
| 开本: | 26cm | |
| 丛书名: | CET710分百篇训练丛书 | |
| 单 册: | ||
| 中图分类: | H319.9 | |
| 科图分类: | ||
| 主题词: | 英语--ying yu--听说教学--高等学校--水平考试--自学参考资料 | |
| 电子资源: | ||
| ISBN: | 7-81095-990-5 | |
| 000 | 00956nam 2200253 450 | |
| 001 | 012006648046 | |
| 005 | 20061019094553.46 | |
| 010 | @a7-81095-990-5@dCNY26.00 | |
| 100 | @a20060921d2006 km y0chiy0120 ea | |
| 101 | 0 | @achi@aeng |
| 102 | @aCN@b310000 | |
| 105 | @ay z 000yy | |
| 200 | 1 | @a大学英语四级考试听力100篇@Ada xue ying yu si ji kao shi ting li 100 pian@i新题型版@f孙倚娜主编@Fsun yi na zhu bian |
| 210 | @a上海@c上海外语教育出版社@d2006.07 | |
| 215 | @a309页@d26cm | |
| 225 | 2 | @aCET710分百篇训练丛书@ACET710 fen bai pian xun lian cong shu |
| 330 | @a本书主要内容讲述供参加大学英语四级考试的考生使用,提供听力语料多篇,包括长对话,对读者进行英语听力训练。 | |
| 410 | 0 | @12001 @aCET710分百篇训练丛书 |
| 517 | 1 | @a新题型版@Axin ti xing ban |
| 606 | 0 | @a英语@Aying yu@x听说教学@x高等学校@x水平考试@j自学参考资料 |
| 690 | @aH319.9@v4 | |
| 701 | 0 | @a孙倚娜@Asun yi na@4主编 |
| 801 | 0 | @aCN@bQSSK@c20061019 |
| 905 | @a10447@dH319.9@eS974 | |
| 大学英语四级考试听力100篇.新题型版/孙倚娜主编.-上海:上海外语教育出版社,2006.07 |
| 309页;26cm.-(CET710分百篇训练丛书) |
| ISBN 7-81095-990-5:CNY26.00 |
| 本书主要内容讲述供参加大学英语四级考试的考生使用,提供听力语料多篇,包括长对话,对读者进行英语听力训练。 |
| ● |
| 相关链接 |
|
|
|
正题名:大学英语四级考试听力100篇
索取号:H319.9/S974
 
预约/预借
| 序号 | 登录号 | 条形码 | 馆藏地/架位号 | 状态 | 备注 |
| 1 | 222017 | 202220177 | 语言库209/209语言库 108排1列2层/ [索取号:H319.9/S974] | 在馆 | |
| 2 | 222018 | 202220186 | 语言库209/209语言库 108排1列2层/ [索取号:H319.9/S974] | 在馆 | |
| 3 | 222019 | 202220195 | 语言库209/209语言库 108排1列2层/ [索取号:H319.9/S974] | 在馆 |